00373nam a2200133Ia 4500008004100000041000800041082001400049100002000063245004500083250001400128260005400142300003200196365001100228240624s9999 xx 000 0 und d aeng a659.2 HEN aHENSLOWE PHILIP aPUBLIC RELATIONS A PRACTICAL GUIDE TO TH a(2nd ed.) c2008aNew DelhibKogan Page India Private limited aviii, : 152 : p. : cm. ; 23 cRSb33